000
00278nam a22000857a 4500
008
131216b xxu||||| |||| 00| 0 eng d
020
_a
0072193816
_c
Available
245
_a
Hacking Exposed Network Security Secrets & Solutions
_c
McClure, Stuart
260
_a
San Francisco
_b
McGraw-Hill
_c
2001
999
_c
23534
_d
23534